| 000 | 00876 a2200253 4500 | ||
|---|---|---|---|
| 010 | _aENG-84758 | ||
| 020 |
_a8179911012 _c534.00 |
||
| 035 | _aEN-68291 | ||
| 037 | _bD.B.Act / Pub | ||
| 082 | _a306.095441 | ||
| 090 |
_c314 _d314 |
||
| 100 | 1 | _aSingh, K. S. | |
| 245 | 1 | 0 |
_aMaharastra / _c[general editor] K.S. Singh. |
| 260 |
_aCalcutta _bAnthropological Survey of India, _c1992-<2005> |
||
| 260 |
_aMumbai _bPopular Prakashan _c2004 |
||
| 270 |
_a35-C, Madan Mohan Malviya Marg, Popular Press Building _bMumbai : _cMaharashtra _e400034 |
||
| 300 |
_av. XXX, pt.2(787-1502p) _c25 cm. (Hb) |
||
| 490 | _aPopular of India | ||
| 520 | _aEthnological study. | ||
| 650 | 0 |
_aEthnology _zIndia. |
|
| 710 | 2 | _aAnthropological Survey of India. | |
| 942 |
_adpl _cEN _k306.095441 / PEO |
||
| 999 |
_c312 _d312 |
||